00430nam a2200169Ia 450000500170000000800410001704000190005804100120007708200130008910000150010224500380011726000280015530000180018365000200020165100290022185000100025020230704132213.0131103s9999 xx 000 0 und d aLoreto College aEnglish a938bTHU aThucydides 4aThe Peloponesian warcThycydides  a[s.l.]b[s.n.]c[19 -?] a553 p.b ill. aAncient History aGreece - Ancient History aLCLIB